Histoire de l'Autriche : De l'empire multinational à la nation autrichienne (18e-20e s.) (notice n° 2198734)

détails MARC
000 -LEADER
fixed length control field 01649cam a2200133 4500500
005 - DATE AND TIME OF LATEST TRANSACTION
control field 20260405085601.0
041 ## - LANGUAGE CODE
Language code of text/sound track or separate title fre
042 ## - AUTHENTICATION CODE
Authentication code dc
100 10 - MAIN ENTRY--PERSONAL NAME
Personal name Pasteur, Paul
Relator term author
245 00 - TITLE STATEMENT
Title Histoire de l'Autriche : De l'empire multinational à la nation autrichienne (18e-20e s.)
260 ## - PUBLICATION, DISTRIBUTION, ETC.
Name of publisher, distributor, etc. Armand Colin,<br/>
Date of publication, distribution, etc. 2011.<br/>
520 ## - SUMMARY, ETC.
Summary, etc. L’Autriche ? Ce terme renvoie à un territoire à géométrie variable, de la monarchie des Habsbourg à l’actuelle petite république alpine. Vue également à travers ses célébrités, de Marie-Thérèse à Sigmund Freud, son image est déformée, idéalisée avec ses valses, Sissi ou la Vienne fin de siècle mais aussi souvent diabolisée : prison des peuples, regroupement d’antisémites et d’anciens nazis notoires. Le présent ouvrage veut prendre en considération plusieurs histoires : celle de l’empire multinational et de ses différentes composantes, le processus de mise en place d’un État moderne, d’un État de Droit puis d’un État constitutionnel, cela dans un rapport toujours difficile à la démocratie. Se dégageant des représentations diverses pouvant imprégner l’inconscient collectif, l’auteur présente les résultats des recherches récentes en matière d’histoire économique, d’histoire politique, d’histoire sociale et d’histoire du genre, ce qui lui permet ainsi de mieux revenir sur les permanences et les contradictions de l’histoire de ce pays. Paul PASTEUR est professeur d’histoire contemporaine à l’Université de Rouen.
856 41 - ELECTRONIC LOCATION AND ACCESS
Uniform Resource Identifier <a href="https://shs.cairn.info/histoire-de-l-autriche--9782200355906?lang=fr&redirect-ssocas=7080">https://shs.cairn.info/histoire-de-l-autriche--9782200355906?lang=fr&redirect-ssocas=7080</a>

Pas d'exemplaire disponible.

PLUDOC

PLUDOC est la plateforme unique et centralisée de gestion des bibliothèques physiques et numériques de Guinée administré par le CEDUST. Elle est la plus grande base de données de ressources documentaires pour les Étudiants, Enseignants chercheurs et Chercheurs de Guinée.

Adresse

627 919 101/664 919 101

25 boulevard du commerce
Kaloum, Conakry, Guinée

Réseaux sociaux

Powered by Netsen Group @ 2025